| 000 | 00000nas##2200000za#4500 |
|---|---|
| 001 | 9.513252 |
| 003 | CaOODSP |
| 005 | 20200421174734 |
| 007 | ta |
| 008 | 150406c1994||||xxc|| m #||||f| |0fre|d |
| 040 | |aCaOODSP|bfre |
| 043 | |an-cn--- |
| 086 | 1 |aTU3-2F |
| 110 | 2 |aBureau de la sécurité des transports du Canada. |
| 245 | 10|aRapport d'enquête sur accident aéronautique |
| 260 | |aOttawa - Ontario : |bBureau de la sécurité des transports du Canada |
| 563 | |aCouverture souple |
| 775 | 08|tAviation occurrence report |w(CaOODSP)9.514917 |